000 00697cam a2200217 4500
001 WB3818-21
008 020516n2002 000 0 eng u
035 _a(Sirsi) u117990
245 _aLost cause for claimants
260 _c2002
490 _aEstates Gazette
_v(0219) 11 May 2002, (1)
520 _aConsiders two cases, Weatherburn v Joplings and Goode v Owen which demonstrate that in both negligence and nuisance cases a person who cannot prove actionable damage will lose the action.
590 _aWB
650 _aWEATHERBURN V JOPLINGS
650 _aGOODE V OWEN
650 _aNEGLIGENCE
650 _aNUISANCE
650 _aCOURT OF APPEAL
690 _aLAW-UK
942 _n0
999 _c70274
_d70274